[Event "BCF-chT2b 1718 (4NCL)"]
[Site "England"]
[Date "2018.02.11"]
[Round "6.66"]
[White "Verma, Aditya"]
[Black "Wallis, Ian J"]
[Result "0-1"]
[WhiteElo "1975"]
[BlackElo "2057"]
[PlyCount "84"]
[EventDate "2017.11.11"]
[EventType "team-tourn"]
[EventRounds "7"]
[EventCountry "ENG"]
[SourceTitle "EXT 2020"]
[Source "ChessBase"]
[SourceDate "2019.10.17"]
[SourceVersion "1"]
[SourceVersionDate "2019.10.17"]
[SourceQuality "1"]
[WhiteTeam "KJCA Kings"]
[BlackTeam "Anglian Avengers"]
[WhiteTeamCountry "ENG"]
[BlackTeamCountry "ENG"]

1. e4 e5 2. Nf3 Nc6 3. Bb5 a6 4. Ba4 d6 5. c3 Bd7 6. 0-0 g6 7. d4 Bg7 8. d5 Nce7 9. Bxd7+ Qxd7 10. c4 Nf6 11. Nc3 0-0 12. c5 h6 13. b4 Nh5 14. Ne1 Nf4 15. Bxf4 exf4 16. Rc1 f5 17. f3 g5 18. Ne2 fxe4 19. fxe4 Ng6 20. Nd4 Bxd4+ 21. Qxd4 Rae8 22. Nd3 Rf7 23. c6 bxc6 24. Rxc6 Qg4 25. Nf2 Qe2 26. Rcc1 f3 27. g3 Ne5 28. a4 Ng4 29. Rce1 Qa2 30. b5 axb5 31. axb5 Rfe7 32. b6 cxb6 33. Qxb6 Rxe4 34. Rxe4 Rxe4 35. Qxd6 Nxf2 36. Qg6+ Kf8 37. Qxh6+ Ke8 38. Qg6+ Kd7 39. Qc6+ Kd8 40. Qf6+ Kd7 41. Qxf3 Nh3+ 42. Kh1 Qxd5 0-1

[Event "Bergamo op 16th"]
[Site "Bergamo"]
[Date "2017.07.14"]
[Round "1"]
[White "Wallis, Ian J"]
[Black "Sonis, Francesco"]
[Result "0-1"]
[WhiteElo "2056"]
[BlackElo "2440"]
[PlyCount "92"]
[EventDate "2017.07.14"]
[EventType "swiss"]
[EventRounds "9"]
[EventCountry "ITA"]
[SourceTitle "EXT 2018"]
[Source "ChessBase"]
[SourceDate "2017.10.13"]
[SourceVersion "1"]
[SourceVersionDate "2017.10.13"]
[SourceQuality "1"]

1. e4 c5 2. Nf3 d6 3. d4 cxd4 4. Nxd4 Nf6 5. Nc3 a6 6. Bg5 e6 7. f4 h6 8. Bh4 Be7 9. Qf3 Nbd7 10. 0-0-0 Qc7 11. Bd3 b5 12. Rhe1 Bb7 13. f5 e5 14. Bxf6 Nxf6 15. Nde2 Qa5 16. Kb1 b4 17. Nd5 Nxd5 18. exd5 Bxd5 19. Bb5+ axb5 20. Qxd5 0-0 21. Nc1 Ra6 22. Re4 Rc8 23. Qb3 Rac6 24. Rd2 Bg5 25. Rde2 Rc4 26. Nd3 Qa8 27. Nf2 Qd5 28. Qf3 Qc5 29. Rxc4 bxc4 30. Re1 Qa5 31. Rd1 Ra8 32. a3 c3 33. Ne4 cxb2 34. Kxb2 bxa3+ 35. Ka2 Qa4 36. Qd3 Rc8 37. c3 d5 38. Nxg5 hxg5 39. Rb1 e4 40. Qxd5 Qc2+ 41. Ka1 Qxc3+ 42. Ka2 Qc2+ 43. Ka1 a2 44. Rb2 Qa4 45. Rxa2 Rc1+ 46. Kb2 Rc2+ 0-1

[Event "BCF-chT3Sb 1617 (4NCL)"]
[Site "England"]
[Date "2017.02.12"]
[Round "6.83"]
[White "Wallis, Ian J"]
[Black "Blake, J Morgan"]
[Result "1-0"]
[WhiteElo "2102"]
[BlackElo "1795"]
[PlyCount "39"]
[EventDate "2016.11.26"]
[EventType "team-tourn"]
[EventRounds "11"]
[EventCountry "ENG"]
[SourceTitle "EXT 2019"]
[Source "ChessBase"]
[SourceDate "2018.10.10"]
[SourceVersion "1"]
[SourceVersionDate "2018.10.10"]
[SourceQuality "1"]
[WhiteTeam "Anglian Avengers II"]
[BlackTeam "Sussex Martlets II"]
[WhiteTeamCountry "ENG"]
[BlackTeamCountry "ENG"]

1. e4 c5 2. Nf3 d6 3. d4 cxd4 4. Nxd4 Nf6 5. Nc3 a6 6. Bg5 Nbd7 7. f4 Qc7 8. Qf3 h6 9. Bxf6 Nxf6 10. Bd3 g5 11. f5 h5 12. 0-0-0 Bh6 13. Kb1 g4 14. Qf2 Nd7 15. Nd5 Qd8 16. h3 g3 17. Qxg3 Ne5 18. Be2 Bf8 19. Qc3 Ra7 20. Nb5 1-0

[Event "BCF-chT3Sb 1617 (4NCL)"]
[Site "England"]
[Date "2017.01.14"]
[Round "3.62"]
[White "Wallis, Ian J"]
[Black "Stanisz, Patryk"]
[Result "1/2-1/2"]
[WhiteElo "2102"]
[BlackElo "2077"]
[PlyCount "70"]
[EventDate "2016.11.26"]
[EventType "team-tourn"]
[EventRounds "11"]
[EventCountry "ENG"]
[SourceTitle "EXT 2019"]
[Source "ChessBase"]
[SourceDate "2018.10.10"]
[SourceVersion "1"]
[SourceVersionDate "2018.10.10"]
[SourceQuality "1"]
[WhiteTeam "Anglian Avengers II"]
[BlackTeam "Cambridge University II"]
[WhiteTeamCountry "ENG"]
[BlackTeamCountry "ENG"]

1. e4 c5 2. Nf3 Nc6 3. d4 cxd4 4. Nxd4 Nf6 5. Nc3 e5 6. Ndb5 d6 7. Bg5 a6 8. Na3 b5 9. Bxf6 gxf6 10. Nd5 Bg7 11. Bd3 Ne7 12. Nxe7 Qxe7 13. 0-0 0-0 14. c4 f5 15. cxb5 d5 16. f3 Rb8 17. Rc1 fxe4 18. fxe4 dxe4 19. Bxe4 Qg5 20. Rc3 axb5 21. Qd6 Be6 22. Rg3 Qd8 23. Qxe5 Qb6+ 24. Kh1 f6 25. Qh5 f5 26. Qg5 Qd4 27. Bd3 f4 28. Qh6 Bf5 29. Bxf5 Rxf5 30. Qe6+ Rf7 31. Rgf3 Rb6 32. Qb3 Qxb2 33. Rxf4 Qxb3 34. axb3 Rxf4 35. Rxf4 Ra6 1/2-1/2

[Event "BCF-chT3Sa 1516 (4NCL)"]
[Site "England"]
[Date "2016.02.13"]
[Round "5.77"]
[White "Wallis, Ian J"]
[Black "Terry, Sean"]
[Result "1/2-1/2"]
[WhiteElo "2117"]
[BlackElo "1905"]
[PlyCount "241"]
[EventDate "2015.11.14"]
[EventType "team-swiss"]
[EventRounds "7"]
[EventCountry "ENG"]
[SourceTitle "EXT 2017"]
[Source "ChessBase"]
[SourceDate "2016.10.25"]
[SourceVersion "1"]
[SourceVersionDate "2016.10.25"]
[SourceQuality "1"]
[WhiteTeam "Anglian Avengers II"]
[BlackTeam "Oxford II"]
[WhiteTeamCountry "ENG"]
[BlackTeamCountry "ENG"]

1. e4 c5 2. Nf3 Nc6 3. d4 cxd4 4. Nxd4 Nf6 5. Nc3 d6 6. Bg5 Qa5 7. Bxf6 gxf6 8. Qd2 Bd7 9. 0-0-0 a6 10. Nb3 Qd8 11. Kb1 e6 12. Be2 h5 13. f4 Qc7 14. Rde1 h4 15. Qd1 Bh6 16. f5 0-0-0 17. Bg4 Bf4 18. fxe6 fxe6 19. Ne2 Be5 20. c3 Kb8 21. Qd2 Bc8 22. Nf4 Qg7 23. h3 Rde8 24. Rhf1 Qg5 25. Nd3 Bg3 26. Rd1 Rhf8 27. Qc2 Ne5 28. Nxe5 Bxe5 29. Nd2 Bg3 30. Nc4 d5 31. exd5 exd5 32. Bxc8 Rxc8 33. Nb6 Rcd8 34. Rf5 Qg6 35. Rfxd5 Qxc2+ 36. Kxc2 Rxd5 37. Nxd5 Be5 38. Nb6 Rg8 39. Nd7+ Kc7 40. Nxe5 fxe5 41. Rd2 Rg3 42. a4 b6 43. b4 Kc6 44. Kb3 b5 45. a5 Kc7 46. Rd5 e4 47. Rh5 e3 48. Rxh4 e2 49. Re4 Rxg2 50. h4 Rh2 51. h5 Rxh5 52. Rxe2 Rh6 53. Kc2 Kd7 54. Re5 Rg6 55. Kd3 Rf6 56. Rd5+ Kc6 57. Rh5 Rg6 58. Rh7 Kd5 59. Rc7 Rg3+ 60. Kd2 Rh3 61. Rg7 Rh2+ 62. Kd3 Rh3+ 63. Kc2 Rh2+ 64. Kb3 Rh6 65. Rg8 Rf6 66. Rc8 Rh6 67. Rc5+ Kd6 68. Rg5 Kc6 69. Re5 Kd6 70. Re3 Rh4 71. Rg3 Rh6 72. Rd3+ Kc6 73. c4 bxc4+ 74. Kxc4 Rh4+ 75. Kb3 Kc7 76. Rc3+ Kb7 77. Rg3 Rf4 78. Rg7+ Kb8 79. Rg6 Kb7 80. Rb6+ Ka7 81. Kc3 Rh4 82. Rd6 Kb7 83. Rd7+ Kc6 84. Rg7 Rh3+ 85. Kc4 Rh4+ 86. Kb3 Rh6 87. Ka4 Rf6 88. Ra7 Kd5 89. Rc7 Rc6 90. Rg7 Rf6 91. Rb7 Rh6 92. Rb8 Rg6 93. Rd8+ Kc6 94. Ra8 Kb7 95. Rh8 Ka7 96. Rh7+ Ka8 97. Kb3 Rc6 98. Rh5 Kb7 99. Rh7+ Kb8 100. Rg7 Ka8 101. b5 axb5 102. Kb4 Rf6 103. Rg5 Ka7 104. Kxb5 Rh6 105. Rf5 Rg6 106. Rf7+ Ka8 107. Rh7 Kb8 108. Rh4 Rg5+ 109. Kb6 Rg6+ 110. Kc5 Rg5+ 111. Kb4 Ka7 112. Ka4 Ka6 113. Rh6+ Ka7 114. Rb6 Rh5 115. Rf6 Rg5 116. Kb4 Rh5 117. Rf7+ Ka6 118. Rf8 Ka7 119. Rf7+ Ka6 120. Rf8 Ka7 121. Rf7+ 1/2-1/2

[Event "BCF-chT3Sa 1516 (4NCL)"]
[Site "England"]
[Date "2015.11.15"]
[Round "2.67"]
[White "Serbanescu, Diana Maria"]
[Black "Wallis, Ian J"]
[Result "1/2-1/2"]
[WhiteElo "2053"]
[BlackElo "2117"]
[PlyCount "26"]
[EventDate "2015.11.14"]
[EventType "team-swiss"]
[EventRounds "7"]
[EventCountry "ENG"]
[SourceTitle "CBM 169 Extra"]
[Source "ChessBase"]
[SourceDate "2015.12.18"]
[SourceVersion "1"]
[SourceVersionDate "2015.12.18"]
[SourceQuality "1"]

1. e4 e5 2. Nf3 Nc6 3. d4 exd4 4. Nxd4 Nf6 5. Nxc6 bxc6 6. e5 Qe7 7. Qe2 Nd5 8. c4 Nb6 9. Nc3 d6 10. c5 Nd7 11. cxd6 cxd6 12. exd6 Qxe2+ 13. Bxe2 Bxd6 1/2-1/2

[Event "BCF-chT3 1415 (4NCL)"]
[Site "England"]
[Date "2015.03.21"]
[Round "7.149"]
[White "Taylor, Robert P"]
[Black "Wallis, Ian J"]
[Result "1-0"]
[WhiteElo "1990"]
[BlackElo "2004"]
[PlyCount "93"]
[EventDate "2015.03.21"]
[EventType "team-swiss"]
[EventRounds "11"]
[EventCountry "ENG"]
[SourceTitle "EXT 2016"]
[Source "ChessBase"]
[SourceDate "2015.10.08"]
[SourceVersion "1"]
[SourceVersionDate "2015.10.08"]
[SourceQuality "1"]
[WhiteTeam "Ashfield Breadsall"]
[BlackTeam "Anglian Avengers II"]
[WhiteTeamCountry "ENG"]
[BlackTeamCountry "ENG"]

1. d4 g6 2. e4 Bg7 3. c3 d6 4. Nf3 Nd7 5. Bd3 e6 6. 0-0 Ne7 7. Be3 Nf6 8. Nbd2 0-0 9. Rc1 Ng4 10. Bg5 f6 11. Bh4 Nh6 12. Ne1 d5 13. f3 Nf7 14. Nc2 c6 15. Ne3 g5 16. Bf2 Ng6 17. g3 Nd6 18. Qc2 f5 19. Ng2 Bd7 20. Rce1 Ne7 21. e5 Nf7 22. b4 h5 23. h3 Nh6 24. Nb3 b6 25. Qd2 f4 26. g4 Be8 27. Qc2 Bf7 28. a4 Qd7 29. Ra1 Rfc8 30. a5 Qe8 31. Kh2 Bf8 32. Rh1 Kg7 33. Rag1 h4 34. Bxh4 gxh4 35. Nxh4 Ng6 36. Qf2 Nxh4 37. Qxh4 Be7 38. g5 Qh8 39. gxh6+ Kf8 40. Qxf4 Ke8 41. Rg7 Bh5 42. Rhg1 Kd7 43. Rxe7+ Kxe7 44. Rg7+ Ke8 45. Qf6 Qf8 46. Qxe6+ Kd8 47. Qd7# 1-0

[Event "Hastings Masters op 90th"]
[Site "Hastings"]
[Date "2015.01.04"]
[Round "7"]
[White "Wallis, Ian J"]
[Black "Stonehouse, Thomas"]
[Result "1-0"]
[WhiteElo "2009"]
[BlackElo "1798"]
[PlyCount "107"]
[EventDate "2014.12.29"]
[EventType "swiss"]
[EventRounds "9"]
[EventCountry "ENG"]
[SourceTitle "CBM 164 Extra"]
[Source "ChessBase"]
[SourceDate "2015.03.02"]
[SourceVersion "1"]
[SourceVersionDate "2015.03.02"]
[SourceQuality "1"]

1. e4 e5 2. Nf3 Nc6 3. Bb5 a6 4. Ba4 Nf6 5. d3 b5 6. Bb3 d6 7. 0-0 Be7 8. a4 b4 9. Nbd2 0-0 10. a5 Be6 11. Nc4 Bg4 12. h3 Bxf3 13. Qxf3 Nd4 14. Qd1 Nxb3 15. cxb3 Nd7 16. d4 exd4 17. Qxd4 Bf6 18. Qd1 Nc5 19. Qc2 Qe7 20. f3 Bd4+ 21. Be3 Qf6 22. Rad1 Bxe3+ 23. Nxe3 c6 24. Nc4 Rfd8 25. Nxd6 Ne6 26. Qf2 Nf4 27. Nc4 Qg5 28. Kh2 Nd3 29. Qg3 Qxg3+ 30. Kxg3 Nc5 31. Nb6 Rab8 32. Rxd8+ Rxd8 33. Rc1 Nxb3 34. Rxc6 Nxa5 35. Rc7 g6 36. Nd5 Nb3 37. Kf4 Nd4 38. Ke5 Nb5 39. Rc6 Kg7 40. Rxa6 Re8+ 41. Kf4 b3 42. Rb6 Nd4 43. Ke3 Nc2+ 44. Kd2 Na1 45. Rb7 Ra8 46. Kc3 Rc8+ 47. Rc7 Rb8 48. e5 Rd8 49. Kc4 Nc2 50. e6 Rf8 51. e7 Re8 52. Rd7 Rc8+ 53. Nc7 Ne3+ 54. Kxb3 1-0

[Event "BCF-chT3S 1415 (4NCL)"]
[Site "England"]
[Date "2014.11.15"]
[Round "2.99"]
[White "Stimpson, Philip M"]
[Black "Wallis, Ian J"]
[Result "1/2-1/2"]
[WhiteElo "1993"]
[BlackElo "2004"]
[PlyCount "40"]
[EventDate "2014.11.15"]
[EventType "team-swiss"]
[EventRounds "6"]
[EventCountry "ENG"]
[SourceTitle "CBM 163 Extra"]
[Source "ChessBase"]
[SourceDate "2014.12.23"]
[SourceVersion "1"]
[SourceVersionDate "2014.12.23"]
[SourceQuality "1"]
[WhiteTeam "Guildford IV"]
[BlackTeam "Anglian Avengers II"]
[WhiteTeamCountry "ENG"]
[BlackTeamCountry "ENG"]

1. e4 e5 2. Nf3 Nc6 3. d4 exd4 4. Nxd4 Bc5 5. Be3 Qf6 6. Nb5 Bxe3 7. fxe3 Qh4+ 8. g3 Qxe4 9. Nxc7+ Kd8 10. Nxa8 Qxh1 11. Qd6 Nf6 12. Nd2 Ne8 13. Qf4 Qxh2 14. 0-0-0 Qh6 15. Ne4 Qxf4 16. exf4 f6 17. Nc5 h5 18. Ne6+ Ke7 19. Nec7 Nxc7 20. Nxc7 d6 1/2-1/2

[Event "Southend op 58th"]
[Site "Southend"]
[Date "2014.04.18"]
[Round "1"]
[White "Hebden, Mark"]
[Black "Wallis, Ian J"]
[Result "1-0"]
[WhiteElo "2545"]
[BlackElo "2020"]
[PlyCount "47"]
[EventDate "2014.04.18"]
[EventType "swiss"]
[EventRounds "7"]
[EventCountry "ENG"]
[SourceTitle "EXT 2016"]
[Source "ChessBase"]
[SourceDate "2015.10.08"]
[SourceVersion "1"]
[SourceVersionDate "2015.10.08"]
[SourceQuality "1"]

1. d4 Nf6 2. Nf3 g6 3. Nc3 d5 4. Bf4 Bg7 5. Qd2 0-0 6. Bh6 Nc6 7. Bxg7 Kxg7 8. 0-0-0 Bf5 9. Nh4 Bd7 10. f3 e6 11. g3 Ne7 12. e4 Bc6 13. e5 Nd7 14. f4 Nf5 15. Nf3 a6 16. Qf2 b6 17. Bd3 Bb7 18. g4 Nh6 19. Rhg1 c5 20. f5 cxd4 21. Qxd4 Nc5 22. f6+ Kh8 23. Rg3 Ng8 24. g5 1-0

[Event "BCF-chT3 1213 (4NCL)"]
[Site "England"]
[Date "2013.03.23"]
[Round "7.60"]
[White "Slinger, Tony J"]
[Black "Wallis, Ian J"]
[Result "1-0"]
[WhiteElo "1976"]
[BlackElo "2021"]
[PlyCount "59"]
[EventDate "2012.11.03"]
[EventType "team-swiss"]
[EventRounds "11"]
[EventCountry "ENG"]
[SourceTitle "EXT 2014"]
[Source "ChessBase"]
[SourceDate "2013.11.20"]
[SourceVersion "1"]
[SourceVersionDate "2013.11.20"]
[SourceQuality "1"]
[WhiteTeam "Bradford DCA Knights"]
[BlackTeam "Anglian Avengers II"]
[WhiteTeamCountry "ENG"]
[BlackTeamCountry "ENG"]

1. Nf3 Nc6 2. d4 d6 3. e4 g6 4. Be2 Bg7 5. 0-0 Nf6 6. Nc3 0-0 7. h3 Nd7 8. Be3 e5 9. Qd2 Re8 10. d5 Ne7 11. Rad1 a6 12. a4 Nf6 13. Nh2 Bd7 14. Bg5 Rf8 15. g4 Ne8 16. Kg2 f6 17. Bh4 Kh8 18. Rh1 Ng8 19. Nf3 Bh6 20. Qe1 Ne7 21. Nd2 Bf4 22. Bg3 Bxg3 23. fxg3 f5 24. g5 c6 25. h4 Ng7 26. Nc4 fxe4 27. Nxd6 Bh3+ 28. Rxh3 Qxd6 29. Nxe4 Qb4 30. Qxb4 1-0